Music Quiz

Random Music or Kpop Quiz

Can You Name All The Lyrics to Monsta X's MISBEHAVE Quiz Stats

 Plays Quiz not verified by Sporcle

Support Sporcle.
Go Orange.
Score 0/204 Timer 06:00
0 Plays Today
Answer % Correct
be
96.4%
I
96.4%
love
96.4%
I
96.4%
I
96.4%
I
96.4%
I
96.4%
I
96.4%
love
96.4%
misbehave
96.4%
you
96.4%
Love
96.4%
I
96.4%
you
96.4%
I
96.4%
love
96.4%
misbehave
96.4%
you
96.4%
love
96.4%
love
96.4%
you
96.4%
I
96.4%
love
96.4%
misbehave
96.4%
(Chorus)
96.4%
it
95.6%
it
95.6%
we
95.6%
we
95.6%
it
95.6%
we
95.6%
we
95.6%
we
95.6%
we
95.6%
it
95.6%
we
95.6%
we
95.6%
we
95.6%
It
95.6%
it
95.6%
We
95.6%
it
95.6%
it
95.6%
we
95.6%
it
95.6%
we
95.6%
when
94.9%
when
94.9%
when
94.9%
when
94.9%
when
94.9%
when
94.9%
when
94.9%
the
94.2%
in
94.2%
the
94.2%
in
94.2%
the
94.2%
in
94.2%
the
94.2%
the
94.2%
just
92.7%
up
92.7%
up
92.7%
just
92.7%
up
92.7%
up
92.7%
up
92.7%
Answer % Correct
up
92.7%
Just
92.7%
and
91.2%
and
91.2%
And
91.2%
and
91.2%
and
91.2%
and
91.2%
Is
91.2%
girl
90.5%
so
90.5%
make
90.5%
so
90.5%
so
90.5%
girl
90.5%
girl
90.5%
girl
90.5%
to
89.8%
but
89.8%
but
89.8%
but
89.8%
to
89.8%
can
89.1%
can
89.1%
that
88.3%
your
87.6%
break
87.6%
my
87.6%
my
87.6%
only
86.9%
only
86.9%
only
86.9%
this
86.1%
feel
86.1%
feel
86.1%
issues
86.1%
this
86.1%
bedroom
86.1%
say
85.4%
got
85.4%
got
85.4%
I'm
83.9%
have
83.9%
I’m
83.9%
argue
83.9%
straight
83.9%
me
83.9%
after
83.2%
don't
83.2%
don't
83.2%
into
83.2%
call
83.2%
they
82.5%
hear
82.5%
name
82.5%
if
81.8%
why
81.8%
time
81.8%
hours
81%
hotel
81%
with
80.3%
pain
79.6%
all
79.6%
every
79.6%
all
79.6%
Burning
78.8%
flowers
78.8%
movies
78.8%
Answer % Correct
mess
78.8%
Mess
78.8%
pool
78.1%
I’d
77.4%
didn’t
77.4%
dying
76.6%
see
75.9%
naked
75.9%
perfect
75.2%
other
75.2%
way
75.2%
that's
75.2%
Picture
74.5%
any
74.5%
plates
73%
face
73%
care
73%
about
73%
broken
72.3%
a
72.3%
wouldn't
72.3%
Smashing
71.5%
water
71.5%
scene
70.8%
safe
70.1%
dates
69.3%
wanna
69.3%
bad
68.6%
bad
68.6%
bad
68.6%
alive
67.9%
fight
67.9%
works
67.2%
swimming
66.4%
telling
65%
lies
64.2%
right
64.2%
right
64.2%
night
62.8%
wrong
62%
feels
61.3%
feels
61.3%
wake
60.6%
afternoon
60.6%
you're
56.9%
picking
56.2%
fights
56.2%
good
52.6%
drunken
51.8%
out
51.1%
misunderstood
51.1%
lights
49.6%
laughing
48.2%
Running
46.7%
doors
46.7%
wars
45.3%
for
45.3%
talk
45.3%
Slamming
44.5%
misbehaving
44.5%
starting
43.8%
need
43.1%
could
38.7%
too
35%
Emotions
34.3%
tight
34.3%
bottle
31.4%
cap
30.7%

You're not logged in!

Compare scores with friends on all Sporcle quizzes.
OR
Log In

From the Vault

Remove Ads.
Support Sporcle.
Get the best of Sporcle when you Go Orange. This ad-free experience offers more features, more stats, and more fun while also helping to support Sporcle. Thank you for becoming a member.

Show Comments

Extras

Top Quizzes Today


Score Distribution

Your Account Isn't Verified!

In order to create a playlist on Sporcle, you need to verify the email address you used during registration. Go to your Sporcle Settings to finish the process.

Report this User

Report this user for behavior that violates our Community Guidelines.

Details: